Magyar Bányászlap. - 33.évf. (1946) 13. sz.
Elmentve itt :
| Dokumentumtípus: | Újság |
|---|---|
| Megjelent: |
1946
|
| Sorozat: | Magyar Bányászlap
33 No. 13 |
| Online Access: | http://misc.bibl.u-szeged.hu/63278 |
| LEADER | 00466nas a2200133 i 4500 | ||
|---|---|---|---|
| 001 | misc63278 | ||
| 005 | 20240930084541.0 | ||
| 008 | 210823s1946 hu n o 000 zxx d | ||
| 040 | |a SZTE Miscellanea Repozitórium |b hun | ||
| 041 | |a zxx | ||
| 245 | 0 | 0 | |a Magyar Bányászlap. - 33.évf. (1946) 13. sz. |h [elektronikus dokumentum] |
| 260 | |c 1946 | ||
| 490 | 0 | |a Magyar Bányászlap |v 33 No. 13 | |
| 856 | 4 | 0 | |u http://misc.bibl.u-szeged.hu/63278/1/magyar_banyaszlap_1946_013.pdf |z Dokumentum-elérés |